00729nam a22002057a 450000500170000001000150001702000260003203500140005803700090007208200110008110000290009224500950012125000060021626000400022227000440026230000240030694200220033099900190035295201520037120241122124016.0 aENG-142496 c595.00a9789387162952 aEN-126028 bDBAD a50026 aChatterjee, Utpal974038 aADVANCED MATHEMATICAL ANALYSIS: bTHEORY & PROBLEMS INCLUDING MCQ'S/ cBy Utpal Chatterjee a6 c2022bAcademic PublishersaKolkatta a5A Bhawani Dutta LanebKolkattae700073 aviii,728pc24cm(pb) 2ddccENh500mCHA c206833d206833 001040708NFICaBNbBNd2024-10-28eDelivery of Books Act Divisiong595.00l0o500 CHApEN-126028r2024-10-28 00:00:00t1v595.00w2024-10-28yEN